000 01349nam a2200445 a 4500
001 22714
003 CZ PrNK
005 20260421150502.0
007 ta
008 081024s2008 xr a a 000 j slo
015 _acnb001824653
020 _a9788025210253
_q(váz.)
035 _a(OCoLC)276818657
040 _aABA001
_bcze
_dOLA001
041 1 _aslo
_heng
072 7 _a821-93
_xLiteratura pro děti a mládež (beletrie)
_2Konspekt
080 _a821-93
_2MRF
080 _a821-32
_2MRF
080 _a(0:82-32)
_2MRF
100 1 _aAwdry, W.,
_d1911-1997
_4aut
245 1 0 _aToby /
_cpodľa W. Awdryho ; ilustrácie Robin Davies a Jerry Smith
250 _a1. vyd.
260 _aV Prahe :
_bEgmont,
_c2008
300 _a[25] s. :
_bbarev. il. ;
_c15 x 16 cm
490 1 _aKnižnica rušňa Tomáša ;
_v6
490 1 _aTomáš a jeho kamaráti
500 _aPřeloženo z angličtiny?
500 _aČ. edice ze hřbetu
655 7 _apříběhy
_2czenas
655 7 _apublikace pro děti
_2czenas
655 9 _astories
_2eczenas
655 9 _achildren's literature
_2eczenas
700 1 _aDavies, Robin,
_d1950-
_4ill
700 1 _aSmith, Jerry
_4ill
830 0 _aKnižnica rušňa Tomáša
830 0 _aTomáš a jeho kamaráti
901 _b9788025210253
_f1. vyd.
_o20081222
910 _aABA001
942 _2ddc
_cKLDE
_n0
999 _c22714
_d22714